The expansion of the Japanese Empire 1868-1937 - Statistics

General Stats
  • This quiz has been taken 39 times
  • The average score is 10 of 16
Answer Stats
Hint Answer % Correct
Largest island ceded to Japan in 1895 Taiwan
100%
Region as large as half of Japanformally annexed by Japan Korea
97%
Island nation to its south annexed in 1872 Ryukyu / Okinawa
91%
Resotration marking the Westernization of Japan Meiji
88%
Japan seized the southern half of this island in 1905 Sakhalin / Karafuto
88%
Puppet regime established in less than a year Manchukuo
82%
Military government before that Tokugawa {Shogunate}
82%
Former German colony granted to Japan in the Treaty of Versailles, which sparked massive protests in its original country Qingdao
76%
By 1933, Japan had already extended its control south of this ancient structure Great Wall
55%
Puppet head of state of the regime Puyi
52%
This incident marks the beginning of the full-scale invasion of China {Marco} {Polo} {Bridge}
48%
A peninsula could have also been ceded to Japan without the Triple Intervention. What is its largest city? Dalian
42%
City attacked by Japanese troops in Sep 18, 1931 Shenyang
33%
City where the Chinese leader was kidnapped by his own generals demanding a united front with the communists against Japanese invasion Xi'an
33%
Capital of the regime Changchun
30%
League of Nations report that declared the regime as illegitimate {Lytton} Report
6%
No matching quizzes found
Score Distribution
Percent of People with Each Score
Percentile by Number Answered
Your Score History
You have not taken this quiz